| 000 | 00586nam a2200181Ia 4500 | ||
|---|---|---|---|
| 008 | 100921s9999 xx 000 0 und d | ||
| 082 |
_b2396 _a891.463 थ 71 |
||
| 100 | _aसहस्त्रबुध्दे नलिनी. | ||
| 245 | _aफुलंगी. | ||
| 260 |
_bकुलकर्णी ग्रंथागार,पुणे. _c1971 |
||
| 300 |
_a274 _b--- |
||
| 365 | _b12 | ||
| 520 | _aललित-कादंबरी. | ||
| 630 | _aफुलंगी. | ||
| 650 | _aललित-कादंबरी. | ||
| 730 | _aफुलंगी. | ||
| 942 | _cBOOK | ||
| 999 |
_c751509 _d751506 |
||